Normal view MARC view
  • Telesecundaria

Entry Materia

Number of records used in: 150

001 - NÚMERO DE CONTROL DEL REGISTRO

  • campo de control: 6411

003 - IDENTIFICADOR DE NUMERO DE CONTROL

  • campo de control: MX-MxUPN

005 - FECHA Y HORA DE LA ÚLTIMA TRANSACCIÓN

  • campo de control: 20231019140605.0

008 - DATOS DE LONGITUD FIJA

  • campo de control de longitud fija: 220804n||acnnnbabn | ana |d

035 ## - NÚMERO DE CONTROL DEL SISTEMA

  • Número de control del sistema: UPN10000006413

040 ## - FUENTE DE LA CATALOGACIÓN

  • Centro catalogador de origen: MX-MxUPN
  • Lengua de catalogación: spa
  • Agencia de transcripción: MX-MxUPN

150 ## - ENCABEZAMIENTO - TEMÁTICO

  • Término de materia o nombre geográfico como elemento inicial: Telesecundaria

450 ## - VÉASE - MATERIA

  • Encabezamiento temático: Educación secundaria por televisión

670 ## - FUENTE EN LA QUE SE LOCALIZARON DATOS

  • Cita de la fuente: T
  • Información localizada: Calidad de la educación y gestión educativa en el servicio de telesecundaria

902 ## - CATALOGADOR

  • Catalogador: BDV/240602